000 01286nam1a22002771 4500
001 rc\3535074
005 20130115144101.3
035 _a(NLR Aleph) 007667133
090 _a6395110
_c6395110
100 _a20130115g1971 |||y0rusy50 ca
101 0 _arus
102 _aRU
105 _ay z |||||
200 1 _aСовременные проблемы экономики машиностроения
_eУчеб. пособие
_eЧ. 1-
_fМ-во высш. и сред. спец. образования СССР. Моск. инж.-экон. ин-т им. Серго Орджоникидзе. Кафедра экономики машиностроит. пром-сти
210 _aМосква
_cБ. и.
_d1971-
215 _d20
300 _aПеред загл. авт.: В.С. Бялковская, В.А. Пеньков, Ю.Д. Турусин
606 _aМашиностроительная промышленность СССР
_2psbo
700 1 _aБялковская
_bВ. С.
_gВера Сергеевна
701 1 _aПеньков
_bВ. А.
_gВладимир Афанасьевич
701 1 _aТурусин
_bЮ. Д.
_gЮрий Дмитриевич
801 0 _aRU
_bNLR
_gpsbo
801 1 _aRU
_bELAR
_2rusmarc
852 _aNLR
_j72-4/11926
942 _cBOOK
980 _aNB